[Event "Summer Cup 2025"]
[Site "Wellington NZL"]
[Date "2025.02.20"]
[Round "3.20"]
[White "Brockway, Andrew"]
[Black "Hao, John"]
[Result "1-0"]
[WhiteElo "1639"]
[BlackElo "1165"]

1. e4 c5 2. Nc3 a6 3. f4 d6 4. Nf3 Nf6 5. d3 Nc6 6. g3 e5 7. Bg2 Be7 8. O-O O-O
9. Kh1 b5 10. Qe2 Bb7 {White won on move 31} 1-0

[Event "Summer Cup 2025"]
[Site "Wellington NZL"]
[Date "2025.02.20"]
[Round "3.25"]
[White "Osborne, Geoff"]
[Black "Wong, Jaden"]
[Result "1-0"]
[WhiteElo "1423"]
[BlackElo "1028"]

1. e4 e6 2. d4 d5 3. Bd3 c5 4. c3 c4 5. Bc2 Bd7 6. Nf3 Be7 7. O-O Nc6 8. Bf4
Nf6 9. Nbd2 O-O 10. Re1 Re8 11. e5 Nh5 12. Be3 Qb6 13. Rb1 f6 14. g4 fxe5 15.
gxh5 exd4 16. Nxd4 e5 17. Ne6 d4 18. Qg4 dxe3 19. Qxg7# 1-0

[Event "Summer Cup 2025"]
[Site "Wellington NZL"]
[Date "2025.02.20"]
[Round "3.27"]
[White "Dey, Kyle"]
[Black "Asher, Bruce"]
[Result "0-1"]
[WhiteElo "852"]
[BlackElo "1196"]

1. e4 e5 2. Nf3 Nc6 3. Bc4 Nf6 4. Nc3 h6 5. O-O Bc5 6. d3 O-O 7. Bd2 d6 8. h3
a6 9. Qe2 b5 10. Bd5 Bb7 {Black won on move 45} 0-1

[Event "Summer Cup 2025"]
[Site "Wellington NZL"]
[Date "2025.02.20"]
[Round "3.28"]
[White "Pham, Luca"]
[Black "Panth, Kishore"]
[Result "0-1"]
[WhiteElo "834"]
[BlackElo "1104"]

1. e4 c5 2. Nf3 d6 3. d3 Nf6 4. Nc3 g6 5. b3 Bg7 6. Bb2 O-O 7. g3 Nc6 8. Bg2
Be6 9. h3 Qa5 10. Qd2 Rad8 {Black won on move 27} 0-1

[Event "Summer Cup 2025"]
[Site "Wellington NZL"]
[Date "2025.02.20"]
[Round "3.34"]
[White "Baker, Jack"]
[Black "Darr, Samuel"]
[Result "0-1"]
[WhiteElo "1737"]
[BlackElo "1785"]

1. d4 d5 2. Bg5 f6 3. Bh4 g5 4. Bg3 h5 5. h3 Nc6 6. e3 e5 7. Be2 h4 8. Bh2 Bf5
9. Bh5+ Kd7 10. dxe5 fxe5 {Black won on move 37} 0-1

[Event "Summer Cup 2025"]
[Site "Wellington NZL"]
[Date "2025.02.20"]
[Round "3.35"]
[White "List, Robert"]
[Black "Sethuramalingam, Niranjana"]
[Result "1-0"]
[WhiteElo "1481"]
[BlackElo "1079"]

1. e4 e5 2. Bc4 Nf6 3. d4 exd4 4. Nf3 Nxe4 5. Qxd4 d5 6. Bxd5 Nf6 7. Bxf7+ Ke7
8. Qc4 b5 9. Qb3 Nc6 10. O-O Ne4 11. Re1 Kd7 12. Qd5+ Bd6 13. Qe6# 1-0

[Event "Summer Cup 2025"]
[Site "Wellington NZL"]
[Date "2025.02.27"]
[Round "4.1"]
[White "Croad, Nicolas"]
[Black "Winter, Ryan"]
[Result "1-0"]
[WhiteElo "2375"]
[BlackElo "2241"]

1. Nf3 d5 2. g3 Nd7 3. Bg2 e5 4. d3 Ngf6 5. O-O Bd6 6. c4 c6 7. cxd5 cxd5 8.
Nc3 O-O 9. e4 (9. Nd2 Nb6 10. a4 Be6 11. a5 Nbd7 12. e4 d4 13. Nd5 Nxd5 14.
exd5 Bf5 15. Nc4 Nc5 16. Ra3 Rc8 17. g4 Bg6 18. f4 exf4 19. Bxf4 Bxf4 20. Rxf4
Nxd3 (20... Qg5 21. Rxd4 { [%cal Gg5f6] } 21... Ne6 22. dxe6 (22. Qd2) ) ) 9...
d4 10. Ne2 a5 11. Nh4 Ne8 12. Nf5 Bc5 13. f4 f6 14. Kh1 b6 15. Ng1 Ba6 16. Nf3
Nd6 17. fxe5 Nxe5 18. N5xd4 Bxd4 (18... Nxe4 $2 19. dxe4 Bxf1 20. Bxf1 Nxf3 21.
Qb3+ Kh8 22. Nxf3) 19. Nxd4 Bxd3 20. Ne6 Qe7 (20... Qe8 21. Nxf8 Bxf1 22. Bxf1
Qxf8 23. Qb3+ Kh8 24. Qxb6 Nxe4 25. Bg2 f5) 21. Nxf8 Bxf1 22. Qd5+ Nef7 23.
Qxa8 Bxg2+ 24. Kxg2 Qxf8 25. Qxf8+ Kxf8 26. Bf4 Ke7 27. Rc1 Kd7 28. Kf3 1-0

[Event "Summer Cup 2025"]
[Site "Wellington NZL"]
[Date "2025.02.27"]
[Round "4.2"]
[White "Archer, Ollie"]
[Black "Ker, Anthony F"]
[Result "1-0"]
[WhiteElo "2166"]
[BlackElo "2318"]

1. d4 Nf6 2. Bf4 e6 3. e3 c5 4. Nf3 b6 5. c4 cxd4 6. Nxd4 a6 7. Qf3 Bb4+ 8. Nc3
Nc6 9. Nxc6 dxc6 10. Qxc6+ Bd7 11. Qc7 Qxc7 12. Bxc7 b5 13. a3 Bxc3+ 14. bxc3
bxc4 15. Ba5 Rc8 16. Rd1 O-O 17. f3 Ba4 18. Rd6 Bb3 19. e4 Ra8 20. Be2 Rfb8 21.
Kf2 Rb5 22. Bb6 Rc8 23. a4 Bxa4 24. Ra1 Bb3 25. Rxa6 Kf8 26. Ba5 Rb7 27. Rdc6
Rxc6 28. Rxc6 Ke7 29. Bxc4 Bxc4 30. Rxc4 Rb2+ 31. Ke3 Rxg2 32. Rc7+ Nd7 33.
Bb4+ Kd8 34. Ra7 Ne5 35. f4 Nc6 36. Rxf7 Rxh2 37. Rxg7 Rh3+ 38. Kf2 h5 39. Kg2
Re3 40. e5 Nxb4 41. cxb4 Re4 42. Kf3 Rxb4 43. Rh7 Rb3+ 44. Kg2 Ke8 45. Rxh5 Kf7
46. Rg5 Ra3 47. Rg3 Ra4 48. Kf3 Ra8 49. Rg2 Rb8 50. Rc2 Rb7 51. Kg4 Kg6 52. Rc6
Kf7 53. Kg5 Ra7 54. Kh6 Rb7 55. Rc3 Ra7 56. Rg3 Ra4 57. Kg5 Ra7 58. Rh3 Ra4 59.
Rh7+ Kf8 60. Rb7 Rc4 61. f5 exf5 62. Kf6 Rc8 63. Rh7 Kg8 64. Rg7+ Kf8 65. e6
Rc6 66. Ra7 Rc8 67. Rh7 Kg8 68. Rg7+ Kh8 69. e7 f4 70. Rg4 f3 71. Kf7 1-0

[Event "Summer Cup 2025"]
[Site "Wellington NZL"]
[Date "2025.02.27"]
[Round "4.3"]
[White "Forster, William"]
[Black "Dive, Russell J"]
[Result "0-1"]
[WhiteElo "1946"]
[BlackElo "2309"]

1. Nf3 c5 2. e4 e6 3. d3 Nc6 4. c3 d5 5. Nbd2 Nge7 6. Be2 Ng6 7. g3 Be7 8. O-O
O-O 9. Re1 f5 10. Bf1 f4 11. Bg2 d4 12. a4 dxc3 13. Nc4 cxb2 14. Bxb2 fxg3 15.
hxg3 b6 16. Qb3 Ba6 17. Rad1 Qc7 18. Ne3 Bc8 19. d4 cxd4 20. Nxd4 Nxd4 21. Bxd4
Kh8 22. Rc1 Qd8 23. Qb2 Rf7 24. Ng4 Kg8 25. Red1 Bd7 26. Rd2 Qe8 27. Qb3 Rc8
28. Ra1 Bc5 29. a5 Bxd4 30. Rxd4 e5 31. Rxd7 Qxd7 32. Bh3 Qd4 33. axb6 Qxa1+
0-1

[Event "Summer Cup 2025"]
[Site "Wellington NZL"]
[Date "2025.02.27"]
[Round "4.4"]
[White "Sethuramalingam, Karthik"]
[Black "Nicholls, Leighton"]
[Result "1-0"]
[WhiteElo "1872"]
[BlackElo "1957"]

1. d4 c5 2. d5 e5 3. e4 d6 4. c4 a6 5. Nc3 Be7 6. f4 exf4 7. Bxf4 Nf6 8. Nf3
O-O 9. Be2 Bg4 10. Qb3 b6 11. O-O Nbd7 12. h3 Bh5 13. e5 dxe5 14. Nxe5 Nxe5 15.
Bxe5 Bxe2 16. Nxe2 Nd7 17. Bf4 Bf6 18. Ng3 Be5 19. Nf5 Kh8 20. Bxe5 Nxe5 21.
Qg3 Qf6 22. Nh4 Qh6 23. Qxe5 Qxh4 24. Rf4 Qg3 25. Re1 f6 26. Rxf6 Qxe1+ 27.
Qxe1 Rxf6 28. Qe7 Kg8 29. Qc7 Re8 30. d6 Re1+ 31. Kh2 Rd1 32. Qxb6 Rfxd6 33.
Qxc5 R1d2 34. b4 Rg6 35. Qc8+ Kf7 36. Qb7+ Ke8 37. a4 Kd8 38. c5 Rc2 39. Qd5+
Kc7 40. Qf7+ Kb8 41. Qe8+ Ka7 42. Qd7+ Kb8 43. Qd8+ Ka7 44. Qe7+ Kb8 45. Qe4
Ra2 46. Qe8+ Ka7 47. Qf7+ 1-0

[Event "Summer Cup 2025"]
[Site "Wellington NZL"]
[Date "2025.02.27"]
[Round "4.5"]
[White "Winsley, Nicholas"]
[Black "Winsley, Daniel"]
[Result "1-0"]
[WhiteElo "2127"]
[BlackElo "1754"]

1. e4 e6 2. d4 d5 3. Nd2 dxe4 4. Nxe4 Nd7 5. Bd3 Ngf6 6. Ng5 c5 7. N1f3 h6 8.
Nxe6 Qe7 9. O-O fxe6 10. Bg6+ Kd8 11. Re1 c4 12. b3 c3 13. a4 Nd5 14. Bf5 Nb8
15. Ne5 Qf6 16. Qh5 g6 17. Qxg6 Qxg6 18. Nxg6 Rg8 19. Bxe6 Rxg6 20. Bxc8 Kxc8
21. Re8+ Kd7 22. Rxf8 Re6 23. Kf1 h5 24. Ba3 Rf6 25. Rxf6 Nxf6 26. Re1 Nc6 27.
Re3 Nd5 28. Rg3 Re8 29. Bc5 b6 30. Rg5 Nf6 31. d5 bxc5 32. dxc6+ Kxc6 33. f3
Nd5 34. Rg6+ Kc7 35. Kf2 Re5 36. g4 Nb4 37. f4 Rd5 38. Rg5 Rxg5 39. fxg5 hxg4
40. g6 Nd5 41. Kg3 Nf6 42. Kf4 Kd6 43. Kf5 Ke7 44. a5 a6 45. Ke5 Nd7+ 46. Kd5
Kf6 47. Kd6 Ne5 48. g7 Nf7+ 49. Kxc5 Kxg7 50. b4 Ne5 51. b5 axb5 52. a6 b4 53.
Kxb4 Kf6 54. Kb5 Nf3 55. a7 Nxh2 56. a8=Q Kg5 57. Qg2 Nf3 58. Qg3 Nd4+ 59. Kc4
Ne2 60. Qe5+ Kh4 61. Qxe2 Kh3 62. Kxc3 g3 63. Qh5+ 1-0

[Event "Summer Cup 2025"]
[Site "Wellington NZL"]
[Date "2025.02.27"]
[Round "4.6"]
[White "Lieser, Joshua"]
[Black "Timergazi, Layla"]
[Result "0-1"]
[WhiteElo "1698"]
[BlackElo "2116"]

1. e4 c6 2. d4 d5 3. exd5 cxd5 4. Bf4 Nc6 5. Bb5 Nf6 6. Nf3 Qb6 7. Qd3 g6 8.
Nc3 Bf5 9. Qe2 a6 10. Bxc6+ bxc6 11. b3 Ne4 12. Na4 Qa5+ 13. Nd2 Bg7 14. Be3
Nc3 15. Nxc3 Qxc3 16. O-O O-O 17. Nf3 c5 18. Rfd1 Qxc2 19. Qxc2 Bxc2 20. Rdc1
cxd4 21. Bxd4 Rac8 22. Bxg7 Kxg7 23. Nd4 Bd3 24. Rd1 Rc3 25. Rd2 Rfc8 26. Rad1
e5 27. Nf3 Kf6 28. h3 Be4 29. Nh2 h5 30. f3 Bc2 31. Re1 Ke6 32. Nf1 f5 33. Ne3
d4 34. Nc4 R8xc4 35. bxc4 Rxc4 36. Ree2 d3 37. Re1 Kd5 38. Kf2 Kd4 39. Re3 Kc3
40. Ke1 Rb4 41. Rxc2+ Kxc2 42. Rxe5 d2+ 43. Kf2 d1=Q 44. Rc5+ Kb2 0-1

[Event "Summer Cup 2025"]
[Site "Wellington NZL"]
[Date "2025.02.27"]
[Round "4.7"]
[White "Grant, Elliot"]
[Black "Tanoi, T Edward"]
[Result "0-1"]
[WhiteElo "1666"]
[BlackElo "1966"]

1. e4 g6 2. d4 Bg7 3. Nf3 d6 4. Bd3 Nd7 5. O-O c5 6. c3 Ngf6 7. Bf4 O-O 8. Nbd2
Re8 9. Nc4 b5 10. Ncd2 a6 11. Re1 e5 12. dxe5 dxe5 13. Bg3 c4 14. Bc2 Nh5 15.
Bh4 Qc7 16. b3 Nf4 17. Nf1 Nc5 18. Ne3 Ncd3 19. Bxd3 Nxd3 20. Nd5 Qc5 21. Rf1
Bb7 22. b4 Qd6 23. Ne7+ Rxe7 24. Bxe7 Qxe7 25. Nd2 f5 26. exf5 gxf5 27. Qh5
Bxg2 28. Rfd1 Rf8 29. a4 Nf4 0-1

[Event "Summer Cup 2025"]
[Site "Wellington NZL"]
[Date "2025.02.27"]
[Round "4.8"]
[White "Sova, Leo"]
[Black "Coates, Alex"]
[Result "0-1"]
[WhiteElo "1633"]
[BlackElo "1896"]

1. e4 c6 2. d4 d5 3. e5 Bf5 4. Nf3 e6 5. c4 Ne7 6. Nc3 dxc4 7. Bxc4 Nd7 8. O-O
Nb6 9. Bb3 Ned5 10. Nxd5 Nxd5 11. a3 Be7 12. h3 O-O 13. Bd2 Qb6 14. Bc3 Rfd8
15. Bxd5 Rxd5 16. b4 Rad8 17. Qe2 h6 18. Rfd1 a5 19. bxa5 Qb3 20. Bb4 Bxb4 21.
axb4 Rb5 22. a6 Rxb4 23. axb7 Rxb7 24. Rac1 Rc7 25. Rd2 Qa3 26. Rc4 Qa1+ 27.
Kh2 Ra8 28. Rd1 Qa2 29. Qxa2 Rxa2 30. Rd2 Ra3 31. Nh4 Be4 32. f3 Bd5 33. Rb4 g5
34. Kg3 gxh4+ 35. Kxh4 Ra2 36. Rxa2 Bxa2 37. g4 Kg7 38. f4 c5 39. dxc5 Rxc5 40.
Kh5 Rc4 41. Rb2 Ra4 42. h4 Bd5 43. Rf2 Ra5 44. g5 hxg5 45. Kxg5 Ra3 46. Kg4 Ra2
47. Rf1 Rg2+ 48. Kh3 Kg6 49. Rd1 Rf2 50. Kg3 Rc2 51. Kg4 Rc3 52. Rf1 Be4 53.
h5+ Kh6 54. Kh4 Bf5 0-1

[Event "Summer Cup 2025"]
[Site "Wellington NZL"]
[Date "2025.02.27"]
[Round "4.9"]
[White "Ashe, Michael"]
[Black "Keith, Matthew"]
[Result "0-1"]
[WhiteElo "1598"]
[BlackElo "1880"]

1. d4 d5 2. c4 e6 3. Nc3 c6 4. e3 Nf6 5. Qc2 Nbd7 6. Nf3 Be7 7. b3 O-O 8. Bb2
b6 9. Bd3 Bb7 10. O-O Rc8 11. Ne5 c5 12. cxd5 Nxe5 13. dxe5 Nxd5 14. Bxh7+ Kh8
15. Be4 Nb4 16. Qe2 Bxe4 17. Nxe4 Qd3 18. Qxd3 Nxd3 19. Bc3 Rfd8 20. Rfd1 b5
21. Nd6 Bxd6 22. Rxd3 Be7 23. Rad1 Rxd3 24. Rxd3 c4 25. bxc4 Rxc4 26. g3 Bc5
27. Bd4 Rc1+ 28. Kg2 Bxd4 29. exd4 b4 30. a3 Rc3 31. Rd1 Rxa3 32. d5 exd5 33.
Rxd5 a5 34. Rd7 Kg8 35. Rd8+ Kh7 36. Rd7 Kg6 37. h4 b3 38. g4 a4 39. Rd6+ Kh7
40. Rb6 Ra2 41. h5 b2 42. g5 a3 43. g6+ fxg6 44. hxg6+ Kh6 45. e6 Ra1 46. e7
Re1 0-1

[Event "Summer Cup 2025"]
[Site "Wellington NZL"]
[Date "2025.02.27"]
[Round "4.10"]
[White "Sun, William"]
[Black "Aldridge, Alan L"]
[Result "1-0"]
[WhiteElo "1333"]
[BlackElo "1855"]

1. e4 e5 2. Nf3 Nc6 3. Bc4 Bc5 4. O-O Nf6 5. d4 exd4 6. e5 d5 7. exf6 dxc4 8.
Re1+ Be6 9. Ng5 Qxf6 10. Nxe6 fxe6 11. Qh5+ Qg6 12. Rxe6+ 1-0

[Event "Summer Cup 2025"]
[Site "Wellington NZL"]
[Date "2025.02.27"]
[Round "4.11"]
[White "Wilkins, Mark"]
[Black "Brockway, Andrew"]
[Result "1/2-1/2"]
[WhiteElo "1842"]
[BlackElo "1639"]

1. e4 c6 2. d4 d5 3. exd5 cxd5 4. c4 Nf6 5. Nc3 e6 6. Nf3 Be7 7. cxd5 Nxd5 8.
Bd3 O-O 9. O-O Nc6 10. a3 a5 11. Re1 Nf6 12. Bf4 Bd6 13. Bg5 Be7 14. Nb5 Nd5
15. Bxe7 Qxe7 16. Qc2 g6 17. Rac1 Bd7 18. Nc3 Qf6 19. Ne4 Qg7 20. Nc5 Be8 21.
Nxb7 Nxd4 22. Nxd4 Qxd4 23. Nc5 Rb8 24. b3 Nf6 25. Red1 Qf4 26. g3 Qf3 27. Ne4
Nxe4 28. Bxe4 Qxb3 29. Qc7 Qb6 30. Qe5 Ba4 31. Rd6 Qb2 32. Qxb2 Rxb2 33. Ra6
Re2 34. Bf3 Re5 {(=) Draw Agreed} 1/2-1/2

[Event "Summer Cup 2025"]
[Site "Wellington NZL"]
[Date "2025.02.27"]
[Round "4.12"]
[White "Malcolm, Aidan"]
[Black "Joseph, Joji Chacko"]
[Result "1-0"]
[WhiteElo "1828"]
[BlackElo "1628"]

1. e4 c6 2. d4 d5 3. f3 e5 4. c3 Bd6 5. Bd3 exd4 6. Ne2 dxc3 7. Nbxc3 Nf6 8.
O-O O-O 9. Kh1 Nbd7 10. Bg5 Qc7 11. Rc1 Qb8 12. Qe1 h6 13. Bd2 Nc5 14. Bb1 dxe4
15. Qh4 Re8 16. fxe4 Be5 17. Rf3 Qd6 18. Be3 Ng4 19. Rd1 Qf8 20. Bg1 Bf6 21.
Qg3 Be5 22. Qe1 Ne6 23. a3 Ng5 24. Rfd3 Nf6 25. R3d2 Bg4 26. Na4 Nf3 27. Qf1
Nxd2 28. Rxd2 b6 29. Nf4 Nh5 30. Nd3 Rad8 31. Ba2 Qe7 32. Nxe5 Qxe5 33. Qxf7+
Kh8 34. Bd4 Qd6 35. Bxg7+ Nxg7 36. Rxd6 Rxd6 37. h3 Be6 38. Bxe6 Rdxe6 39. Nc3
R6e7 40. Qf4 Kh7 41. Kh2 Ne6 42. Qf5+ Kg7 43. e5 Ng5 44. Qf6+ Kh7 45. h4 Nf7
46. Ne4 Nxe5 47. Qf5+ Kg7 48. Nf6 Ng6 49. Nxe8+ Rxe8 50. h5 Ne7 51. Qd7 Kf7 52.
Qxa7 b5 53. b3 Ke6 54. Qe3+ Kd7 55. Qxh6 Nf5 56. Qh7+ Ne7 57. g4 Rg8 58. Kh3
Rg5 59. Kh4 Rd5 60. h6 1-0

[Event "Summer Cup 2025"]
[Site "Wellington NZL"]
[Date "2025.02.27"]
[Round "4.14"]
[White "Rose, Jim"]
[Black "Qu, Lucas"]
[Result "0-1"]
[WhiteElo "1413"]
[BlackElo "1686"]

1. Nf3 d5 2. g3 Nc6 3. Bg2 Bf5 4. d3 f6 5. O-O Qd7 6. Re1 O-O-O 7. c3 h5 8. h4
e5 9. b4 Bg4 10. Nbd2 Nb8 11. a4 Be7 12. Bb2 g5 13. hxg5 h4 14. gxh4 Bh3 15.
Kh2 Bxg2 16. Kxg2 Qg4+ 17. Kh2 fxg5 18. Rg1 Qf4+ 19. Kg2 g4 20. Nh2 Rxh4 21.
Kf1 Rxh2 22. e3 Qxf2# 0-1

[Event "Summer Cup 2025"]
[Site "Wellington NZL"]
[Date "2025.02.27"]
[Round "4.15"]
[White "Farrokh, Hoorad"]
[Black "List, Robert"]
[Result "1-0"]
[WhiteElo "1406"]
[BlackElo "1481"]

1. e4 b6 2. d4 Bb7 3. Bd3 e6 4. c3 Nf6 5. Qe2 c5 6. Nf3 c4 7. Bc2 b5 8. O-O Be7
9. Nbd2 h5 10. b3 d5 11. e5 Ng4 12. h3 Nh6 13. Re1 g5 14. Nh2 g4 15. hxg4 hxg4
16. Nxg4 Nxg4 17. Qxg4 Kd7 18. Qg7 Qe8 19. Nf3 Nc6 20. Ng5 Nxe5 21. Qxe5 Bxg5
22. Bxg5 Qg8 23. Bf4 Bc8 24. Qd6+ Ke8 25. Qc6+ 1-0

[Event "Summer Cup 2025"]
[Site "Wellington NZL"]
[Date "2025.02.27"]
[Round "4.16"]
[White "Jackson, L Ross"]
[Black "Lavender, Ariel J"]
[Result "0-1"]
[WhiteElo "1873"]
[BlackElo "1752"]

1. d4 d5 2. c4 dxc4 3. Nf3 a6 4. a4 c6 5. e3 b5 6. b3 cxb3 7. axb5 Bb7 8. bxa6
Nxa6 9. Qxb3 Qc7 10. Ba3 e6 11. Bxf8 Kxf8 12. Be2 Nf6 13. O-O Ke7 14. Nbd2 Rhb8
15. Nc4 c5 16. Qd1 Nd5 17. Rc1 Nab4 18. Nce5 Ra5 19. dxc5 Na2 20. Rc2 Nac3 21.
Qd3 Nxe2+ 22. Rxe2 Ba6 23. Qxh7 Bxe2 24. Qxg7 Rxc5 25. Ng6+ Kd6 26. Qe5+ Kd7
27. Qg7 Bxf1 28. Ng5 Kc6 29. Nxf7 Rb1 30. Nfe5+ Kb7 31. Qxc7+ Kxc7 32. h4 Bd3+
33. Kh2 Bxg6 34. Nxg6 Nf6 35. Nf4 Kd7 36. f3 Rcc1 37. e4 e5 38. Ng6 Rh1+ 39.
Kg3 Ke6 40. Kf2 Rb2+ 41. Kg3 Rg1 0-1

[Event "Summer Cup 2025"]
[Site "Wellington NZL"]
[Date "2025.02.27"]
[Round "4.17"]
[White "Swinburne, McKenzie S E (Zion)"]
[Black "Marney, John"]
[Result "0-1"]
[WhiteElo "1229"]
[BlackElo "1689"]

1. e4 e5 2. Nf3 Nc6 3. c3 Nf6 4. d3 Be7 5. b4 a6 6. Qb3 d6 7. Ng5 O-O 8. d4
exd4 9. Bc4 Ne5 10. cxd4 Nxc4 11. Qxc4 h6 12. e5 dxe5 13. dxe5 hxg5 14. exf6
Bxf6 15. Nc3 Qe7+ 16. Be3 Be6 17. Qd3 Rad8 18. Qc2 Qxb4 19. Bd2 Rxd2 20. Kxd2
Rd8+ 21. Kc1 Qxc3 22. Qxc3 Bxc3 23. Rb1 b5 24. a3 Ba2 25. Kc2 Bxb1+ 26. Rxb1
Ba5 0-1

[Event "Summer Cup 2025"]
[Site "Wellington NZL"]
[Date "2025.02.27"]
[Round "4.18"]
[White "Asher, Bruce"]
[Black "Farrington, Lawrence B"]
[Result "0-1"]
[WhiteElo "1196"]
[BlackElo "1601"]

1. e4 e6 2. c4 d5 3. cxd5 exd5 4. exd5 Qxd5 5. Nc3 Qe5+ 6. Qe2 Bd6 7. Nf3 Qxe2+
8. Bxe2 Bd7 9. d4 Ne7 10. O-O O-O 11. Bd3 a6 12. Re1 Nbc6 {Black won on move
37} 0-1

[Event "Summer Cup 2025"]
[Site "Wellington NZL"]
[Date "2025.02.27"]
[Round "4.19"]
[White "Nazeer, Afique"]
[Black "Miriyala, Sreenikesh"]
[Result "1-0"]
[WhiteElo "1591"]
[BlackElo "1195"]

1. e4 d6 2. Nc3 Nf6 3. f4 e5 4. Nf3 Nc6 5. Bb5 Bg4 6. d4 exd4 7. Qxd4 Bxf3 8.
gxf3 Be7 9. Be3 O-O 10. Bxc6 bxc6 11. O-O-O c5 12. Qa4 Qb8 {White won on move
39} 1-0

[Event "Summer Cup 2025"]
[Site "Wellington NZL"]
[Date "2025.02.27"]
[Round "4.20"]
[White "Hao, John"]
[Black "Bohme, Alex"]
[Result "0-1"]
[WhiteElo "1165"]
[BlackElo "1578"]

1. e4 c6 2. d4 d5 3. Nc3 dxe4 4. Nxe4 Nf6 5. Nxf6+ exf6 6. Nf3 Bd6 7. Bd3 O-O
8. O-O c5 9. c3 Be6 10. Qc2 h6 11. Be3 Nc6 12. Rad1 cxd4 {Black won on move 48}
0-1

[Event "Summer Cup 2025"]
[Site "Wellington NZL"]
[Date "2025.02.27"]
[Round "4.21"]
[White "Ulm, Eric"]
[Black "He, Jacob"]
[Result "1-0"]
[WhiteElo "1547"]
[BlackElo "1064"]

1. e4 e5 2. Nf3 Nc6 3. Bb5 Nge7 4. O-O g6 5. c3 Bg7 6. d4 O-O 7. d5 a6 8. Ba4
d6 9. dxc6 Nxc6 10. Bxc6 bxc6 11. c4 d5 12. cxd5 cxd5 13. Qxd5 Qxd5 14. exd5
Bb7 15. Nc3 Bf6 16. Bh6 Rfe8 17. Rfe1 Ra7 18. Rad1 Raa8 19. Ne4 Bg7 20. Bxg7
Kxg7 21. Nc5 Rab8 22. Nxb7 Rxb7 23. b3 a5 24. Nxe5 1-0

[Event "Summer Cup 2025"]
[Site "Wellington NZL"]
[Date "2025.02.27"]
[Round "4.22"]
[White "Dhamodharam, Aadhav"]
[Black "Ravi, Vrajesh"]
[Result "1-0"]
[WhiteElo "1524"]
[BlackElo "1046"]

1. e4 e5 2. Nf3 Nc6 3. Bc4 Bc5 4. O-O Nf6 5. d4 exd4 6. e5 Ng4 7. Bxf7+ Kxf7 8.
Ng5+ Ke8 9. Qxg4 d6 10. Qf4 Nxe5 11. Re1 Qe7 12. Qg3 h6 13. f4 hxg5 {White won
on move 28} 1-0

[Event "Summer Cup 2025"]
[Site "Wellington NZL"]
[Date "2025.02.27"]
[Round "4.23"]
[White "Panth, Kishore"]
[Black "He, Zachary"]
[Result "0-1"]
[WhiteElo "1104"]
[BlackElo "1524"]

1. e4 e6 2. d4 d5 3. e5 c5 4. c3 Nc6 5. Nf3 Qb6 6. Nbd2 cxd4 7. cxd4 Nxd4 8.
Nxd4 Qxd4 9. Qe2 Bd7 10. Nf3 Qb6 11. Qc2 Rc8 12. Qb3 Qxb3 13. axb3 Ne7 {Black
won on move 58} 0-1

[Event "Summer Cup 2025"]
[Site "Wellington NZL"]
[Date "2025.02.27"]
[Round "4.25"]
[White "Cao, Sam"]
[Black "Thingbaijam, Conan"]
[Result "1/2-1/2"]
[WhiteElo "1058"]
[BlackElo "1428"]

1. e4 c5 2. Nf3 Nc6 3. d4 cxd4 4. Nxd4 Nf6 5. Nc3 e5 6. Nf3 Bb4 7. Bd3 d5 8.
Qe2 d4 9. a3 Bxa3 10. Rxa3 dxc3 11. Rxc3 Bg4 12. h3 Bh5 13. Bb5 Rc8 14. O-O O-O
15. Rd1 Nd4 16. Qd3 Nxf3+ 17. gxf3 Qxd3 18. Rdxd3 Rxc3 19. Rxc3 a6 20. Bf1 h6
21. h4 b5 22. Bg2 Rd8 23. Rd3 Rxd3 24. cxd3 Nd7 25. f4 {=} 1/2-1/2

[Event "Summer Cup 2025"]
[Site "Wellington NZL"]
[Date "2025.02.27"]
[Round "4.28"]
[White "Wong, Jaden"]
[Black "Dey, Kyle"]
[Result "1/2-1/2"]
[WhiteElo "1028"]
[BlackElo "852"]

1. e4 e5 2. Nf3 Nc6 3. Nc3 Bc5 4. Bc4 Nf6 5. O-O O-O 6. d3 d6 7. Be3 Bxe3 8.
fxe3 Bg4 9. d4 Qd7 10. h3 Bxf3 11. Rxf3 {Game was drawn by threefold repetition
on move 27} 1/2-1/2

[Event "Summer Cup 2025"]
[Site "Wellington NZL"]
[Date "2025.02.27"]
[Round "4.34"]
[White "Rose, Nathan"]
[Black "Darr, Samuel"]
[Result "1-0"]
[WhiteElo "1697"]
[BlackElo "1785"]

1. e4 e6 2. d4 d5 3. Nd2 c5 4. exd5 exd5 5. Ngf3 Nf6 6. Bb5+ Bd7 7. Bxd7+ Nbxd7
8. O-O Be7 9. dxc5 Nxc5 10. Nb3 Nxb3 11. axb3 O-O 12. Nd4 Qb6 13. Nf5 Bc5 14.
Qf3 Rac8 15. Bh6 Ne4 16. Bxg7 Bxf2+ 17. Kh1 Rfe8 18. Bc3 Nxc3 19. Qg4+ Qg6 20.
Ne7+ Rxe7 21. Qxc8+ Kg7 22. Qxc3+ d4 23. Qf3 Bh4 24. Rxa7 Re3 25. Qxb7 Qxc2 26.
Qxf7+ Kh6 27. Qg7+ Kh5 28. g4# 1-0

[Event "Summer Cup 2025"]
[Site "Wellington NZL"]
[Date "2025.03.06"]
[Round "5.1"]
[White "Archer, Ollie"]
[Black "Croad, Nicolas"]
[Result "1/2-1/2"]
[WhiteElo "2166"]
[BlackElo "2375"]

1. d4 Nf6 2. Bf4 e6 3. e3 c5 4. Nf3 cxd4 5. exd4 Be7 6. Bd3 b6 7. h3 O-O 8. O-O
Ba6 9. Bxa6 Nxa6 10. Nc3 Nc7 11. a4 Ncd5 12. Nxd5 Nxd5 13. Bh2 Qc8 14. Qe2 Qb7
15. c4 Nf6 16. d5 Rfc8 17. a5 bxa5 18. Rxa5 a6 19. d6 Bd8 20. Ra4 Rab8 21. Be5
a5 22. Nd4 Qe4 23. Qxe4 Nxe4 24. Nb5 Bb6 25. Bf4 f6 26. b3 e5 27. Be3 Bxe3 28.
fxe3 Nd2 29. Rf2 Nxb3 30. Rb2 Nc5 31. Rxa5 Ne4 32. Ra7 Rxc4 33. Rxd7 Rc1+ 34.
Kh2 Rd1 35. Rc2 h5 36. Rcc7 Rxb5 37. Rxg7+ Kh8 38. Rh7+ 1/2-1/2

[Event "Summer Cup 2025"]
[Site "Wellington NZL"]
[Date "2025.03.06"]
[Round "5.2"]
[White "Dive, Russell J"]
[Black "Ker, Anthony F"]
[Result "1/2-1/2"]
[WhiteElo "2309"]
[BlackElo "2318"]

1. c4 c5 2. e3 g6 3. d4 cxd4 4. exd4 d5 5. cxd5 Nf6 6. Nc3 Bg7 7. Bb5+ Nbd7 8.
Qb3 O-O 9. h3 Nb6 10. Nf3 Nbxd5 11. O-O a6 12. Be2 Qd6 13. Ne5 b5 14. a4 b4 15.
Nxd5 Nxd5 16. Bc4 Be6 17. Re1 a5 18. Bg5 Rfd8 19. Bh4 Rac8 20. Bg3 Qb6 21. Rad1
Bf6 22. Qd3 Nc7 23. Bxe6 Nxe6 24. d5 Nc5 25. Qb5 Qxb5 26. axb5 Bxe5 27. Bxe5
Nb7 28. b6 Rc5 29. Bc7 Rd7 30. d6 e6 31. f4 Kf8 32. Rd2 Ke8 33. g4 h6 34. Kf2
Rc6 35. f5 gxf5 36. gxf5 Nxd6 37. fxe6 Ne4+ 38. Rxe4 Rxd2+ 39. Ke3 Rxc7 40.
Kxd2 Rb7 41. exf7+ Kxf7 42. Re5 Rxb6 43. Rxa5 Rf6 44. Ke3 Rf1 45. Rb5 Rh1 46.
Rxb4 Rxh3+ 47. Kf2 Ke6 48. Kg2 Rd3 49. Rb6+ Kd5 50. Rxh6 1/2-1/2

[Event "Summer Cup 2025"]
[Site "Wellington NZL"]
[Date "2025.03.06"]
[Round "5.3"]
[White "Winter, Ryan"]
[Black "Sethuramalingam, Karthik"]
[Result "1-0"]
[WhiteElo "2241"]
[BlackElo "1872"]

1. e4 c5 2. Nc3 g6 3. Nge2 Bg7 4. d4 cxd4 5. Nxd4 Nc6 6. Be3 Nf6 7. Nb3 O-O 8.
Be2 d6 9. O-O Ne5 10. Kh1 Neg4 11. Bc1 Qb6 12. Qe1 Bd7 13. h3 Ne5 14. f4 Nc6
15. Bf3 Nb4 16. Qe2 Rfc8 17. a3 Na6 18. e5 dxe5 19. fxe5 Ne8 20. Nd5 Qd8 21.
Bg5 Bf8 22. Rad1 Nec7 23. Nf4 h6 24. e6 hxg5 25. Rxd7 Qe8 26. exf7+ Qxf7 27.
Nd5 Qe6 28. Qxe6+ Nxe6 29. Rxe7 1-0

[Event "Summer Cup 2025"]
[Site "Wellington NZL"]
[Date "2025.03.06"]
[Round "5.4"]
[White "Coates, Alex"]
[Black "Winsley, Nicholas"]
[Result "0-1"]
[WhiteElo "1896"]
[BlackElo "2127"]

1. d4 Nf6 2. c4 e6 3. Nc3 Bb4 4. Qc2 d5 5. cxd5 exd5 6. a3 Bxc3+ 7. bxc3 O-O 8.
Bg5 Nbd7 9. Nf3 Re8 10. e3 c6 11. Bd3 Qa5 12. Bxf6 Nxf6 13. O-O h6 14. Ne5 c5
15. Rfc1 Be6 16. Qb2 Re7 17. Qb5 Qxb5 18. Bxb5 Rc8 19. Nd3 Ne4 20. Nf4 Rec7 21.
Ne2 Bf5 22. f3 Nd6 23. Ba4 cxd4 24. exd4 g5 25. Bb3 Nc4 26. Bc2 Re8 27. Kf2
Rce7 28. Ng3 Bg6 29. Ba4 Rc8 30. Bb3 Nb2 31. Kg1 Nd3 32. Rc2 h5 33. Re2 Rec7
34. Bxd5 Rxc3 35. Be4 h4 36. Bxg6 fxg6 37. Nf1 Rc1 38. Rxc1 Rxc1 39. g3 Kf7 40.
d5 Nc5 41. d6 Rd1 42. Re7+ Kf6 43. Rc7 b6 44. Rxa7 Rxd6 45. Ne3 h3 46. Ng4+ Ke6
47. Rg7 Kd5 48. Re7 Kc4 49. Nf2 Re6 50. Rxe6 Nxe6 51. Nxh3 Kb3 52. Kf2 Kxa3 53.
Ke2 b5 54. Nf2 b4 55. Ke3 b3 56. Nd1 b2 57. Nxb2 Kxb2 58. h4 Kc3 59. hxg5 Nxg5
60. Kf4 Nf7 61. Ke3 Kc4 62. Ke4 Kc5 63. f4 Kd6 64. g4 Ke7 65. g5 Ke6 66. Ke3
Kf5 67. Kf3 Nd8 68. Kg3 Ne6 0-1